[Event "DEM U10/U10w 2000"]
[Site "Überlingen GER"]
[Date "2000.06.06"]
[Round "5"]
[White "Neudert, Maximilian"]
[Black "Fischer, Sven"]
[Result "0-1"]
[Termination "normal"]
[Board "32"]
[WhiteElo "346"]
[BlackElo "1028"]
[PlyCount "62"]
[EventCountry "GER"]
[EventRounds "11"]
[EventType "swiss"]
[EventDate "2000.06.03"]

1. e4 c5 2. Nf3 Nc6 3. d4 cxd4 4. Nxd4 g6 5. Nc3 Bg7 6. Be3 d6 7. f3 Bd7 8. Qd2
Nf6 9. O-O-O Rc8 10. Bh6 O-O 11. Bxg7 Kxg7 12. h4 Qa5 13. Kb1 a6 14. g4 h5 15.
gxh5 Nxh5 16. Be2 Qe5 17. Nxc6 Rxc6 18. Qd4 Qxd4 19. Rxd4 b5 20. e5 Ng3 21. Rg1
Nxe2 22. Nxe2 Bf5 23. Nc3 dxe5 24. Rd5 f6 25. f4 Be6 26. Rd2 exf4 27. h5 g5 28.
Rh2 Kh6 29. Kc1 Rfc8 30. Ne4 Bf5 31. Re1 Re6 0-1

[Event "DEM U10/U10w 2000"]
[Site "Überlingen GER"]
[Date "2000.06.06"]
[Round "5"]
[White "Mucha, Annegret"]
[Black "Günther, Christian"]
[Result "0-1"]
[Termination "normal"]
[Board "33"]
[WhiteElo "485"]
[BlackElo "877"]
[PlyCount "100"]
[WhiteFideId "24622788"]
[BlackFideId "24659380"]
[EventCountry "GER"]
[EventRounds "11"]
[EventType "swiss"]
[EventDate "2000.06.03"]

1. e4 e5 2. Nf3 Nc6 3. Bb5 a6 4. Bxc6 dxc6 5. O-O Bg4 6. Nc3 Qf6 7. d3 Bxf3 8.
Qxf3 Qxf3 9. gxf3 Nf6 10. Bg5 Be7 11. Kh1 h6 12. Bh4 g5 13. Bg3 Nd7 14. Rab1 h5
15. h3 O-O-O 16. Kg2 Rhg8 17. Ne2 Rg7 18. c4 Rdg8 19. Kh2 h4 20. Bxh4 gxh4 21.
Nc3 Bd6 22. a4 f5 23. b4 Rg2+ 24. Kh1 fxe4 25. fxe4 c5 26. b5 a5 27. Rg1 Rxg1+
28. Rxg1 Rxg1+ 29. Kxg1 Nf6 30. Kg2 Kd7 31. Ne2 Nh5 32. Ng1 Nf4+ 33. Kh2 Nxd3
34. Nf3 Be7 35. Kg2 Nb2 36. Nxe5+ Ke6 37. Ng6 Nxc4 38. Nxe7 Kxe7 39. Kf3 Nb6
40. Kg4 c4 41. f4 c3 42. f5 c2 43. e5 Nd7 44. Kg5 c1=Q+ 45. Kg6 Nxe5+ 46. Kg7
Qg5+ 47. Kh7 Qxf5+ 48. Kh8 Qh5+ 49. Kg8 Qg6+ 50. Kh8 Nf7# 0-1

[Event "DEM U10/U10w 2000"]
[Site "Überlingen GER"]
[Date "2000.06.06"]
[Round "5"]
[White "Nekrassowa, Katja"]
[Black "Lips, Franziska"]
[Result "1-0"]
[Termination "normal"]
[Board "34"]
[WhiteElo "361"]
[BlackElo "840"]
[PlyCount "115"]
[EventCountry "GER"]
[EventRounds "11"]
[EventType "swiss"]
[EventDate "2000.06.03"]

1. e4 e5 2. Nf3 Nc6 3. Bc4 Bc5 4. Nc3 Nf6 5. d3 d6 6. h3 O-O 7. Bg5 h6 8. Be3
Bxe3 9. fxe3 Nb4 10. a3 d5 11. Bb3 dxe4 12. dxe4 Qxd1+ 13. Rxd1 Nc6 14. Bd5 Bd7
15. Bxc6 Bxc6 16. Nxe5 Bxe4 17. Nxe4 Nxe4 18. Rd7 f5 19. Rxc7 f4 20. exf4 Rxf4
21. Rf1 Raf8 22. Rxf4 Rxf4 23. Nd3 Rf5 24. Rxb7 Ng3 25. c4 Rf1+ 26. Kd2 Ne4+
27. Kc2 Nd6 28. Rb8+ Kh7 29. c5 Nc4 30. c6 Nd6 31. c7 Rg1 32. c8=Q Rxg2+ 33.
Kc3 Nxc8 34. Rxc8 Rh2 35. Ra8 Rxh3 36. Rxa7 Kg6 37. b4 Kf5 38. Kc4 Ke4 39. Nf2+
Kf3 40. Nxh3 g5 41. Nxg5+ hxg5 42. Rg7 g4 43. Rxg4 Kxg4 44. b5 Kf5 45. b6 Ke6
46. b7 Kd7 47. b8=Q Ke7 48. Qc7+ Ke6 49. Kd4 Kf5 50. Qe7 Kf4 51. Qe5+ Kf3 52.
Qe4+ Kf2 53. Qe3+ Kf1 54. Qd2 Kg1 55. Qe2 Kh1 56. Ke4 Kg1 57. Kf3 Kh1 58. Qg2#
1-0

[Event "DEM U10/U10w 2000"]
[Site "Überlingen GER"]
[Date "2000.06.06"]
[Round "5"]
[White "Weber, Kristina"]
[Black "Gorodetski, Boris"]
[Result "0-1"]
[Termination "normal"]
[Board "36"]
[WhiteElo "704"]
[BlackElo "311"]
[PlyCount "62"]
[EventCountry "GER"]
[EventRounds "11"]
[EventType "swiss"]
[EventDate "2000.06.03"]

1. e4 c5 2. Bc4 e6 3. Nc3 d6 4. Nf3 Nf6 5. O-O Nc6 6. d3 a6 7. a4 Be7 8. Bg5
O-O 9. Bxf6 Bxf6 10. h3 e5 11. Nd5 Bg5 12. Nxg5 Qxg5 13. Kh2 Nd4 14. c3 Ne6 15.
Ne3 Nf4 16. b4 Kh8 17. Qb3 Be6 18. Bxe6 fxe6 19. g3 Nxd3 20. Qc2 Nxf2 21. Rxf2
Qxe3 22. Rxf8+ Rxf8 23. Rd1 Rf2+ 24. Qxf2 Qxf2+ 25. Kh1 Qf3+ 26. Kh2 Qe2+ 27.
Kg1 Qxd1+ 28. Kg2 Kg8 29. bxc5 dxc5 30. h4 Qxa4 31. Kh3 Qxe4 0-1

[Event "DEM U10/U10w 2000"]
[Site "Überlingen GER"]
[Date "2000.06.06"]
[Round "5"]
[White "Ahlers, Hendrik"]
[Black "Ugur, Özgür"]
[Result "1/2-1/2"]
[Termination "normal"]
[Board "37"]
[WhiteElo "504"]
[BlackElo "183"]
[PlyCount "154"]
[EventCountry "GER"]
[EventRounds "11"]
[EventType "swiss"]
[EventDate "2000.06.03"]

1. e3 e5 2. Nf3 Nc6 3. Nc3 Nf6 4. Bb5 d6 5. e4 Bd7 6. d3 h6 7. Be3 a6 8. Ba4
Be7 9. h3 O-O 10. O-O Rb8 11. Bb3 Be6 12. Bxe6 fxe6 13. a3 d5 14. exd5 exd5 15.
d4 e4 16. Ne5 Qd6 17. Bf4 Nd7 18. Nxd7 Qxd7 19. Be5 Nxe5 20. dxe5 c6 21. Qd4
Rbd8 22. Rad1 Bg5 23. b4 Bf4 24. a4 Rfe8 25. f3 Bxe5 26. Qd2 d4 27. Nxe4 Qc7
28. f4 Bd6 29. Nxd6 Qxd6 30. Rfe1 Rxe1+ 31. Rxe1 Rf8 32. g3 c5 33. Re4 Rd8 34.
bxc5 Qxc5 35. Qd3 Qb4 36. c3 Qxc3 37. Qxc3 dxc3 38. Rc4 Rd1+ 39. Kf2 c2 40.
Rxc2 Rh1 41. Kg2 Ra1 42. Rc8+ Kh7 43. Rb8 Rxa4 44. Rxb7 a5 45. Ra7 Ra2+ 46. Kf3
a4 47. Ke4 a3 48. Kd3 Ra1 49. Kc2 Rh1 50. h4 Rg1 51. Rxa3 Rg2+ 52. Kd1 Rg1+ 53.
Ke2 Rg2+ 54. Kf3 Rg1 55. Kg4 Re1 56. f5 Re4+ 57. Kh3 Kg8 58. g4 Rf4 59. Kg3 Rf1
60. Ra2 Kf7 61. Rf2 Rd1 62. g5 Rd3+ 63. Rf3 Rd6 64. gxh6 Rxh6 65. Kg4 Kf6 66.
h5 Rh7 67. Kh4 Rh6 68. Kg4 Rh7 69. Rd3 Rh6 70. Rd4 Kf7 71. Kg5 Rh7 72. Rd6 Rh8
73. f6 gxf6+ 74. Rxf6+ Kg7 75. Rg6+ Kh7 76. Kf6 Rf8+ 77. Ke7 Rf5 1/2-1/2

[Event "DEM U10/U10w 2000"]
[Site "Überlingen GER"]
[Date "2000.06.06"]
[Round "5"]
[White "Göllner, Stefanie"]
[Black "Rutz, Marco"]
[Result "1/2-1/2"]
[Termination "normal"]
[Board "39"]
[WhiteElo "374"]
[BlackElo "951"]
[PlyCount "80"]
[EventCountry "GER"]
[EventRounds "11"]
[EventType "swiss"]
[EventDate "2000.06.03"]

1. e4 c5 2. Nf3 e6 3. Nc3 d5 4. e5 Nc6 5. Bb5 Bd7 6. d3 a6 7. Bxc6 Bxc6 8. Bf4
Ne7 9. O-O d4 10. Nb1 Nd5 11. Bg5 f6 12. Bd2 Qc7 13. Re1 Bd7 14. Na3 fxe5 15.
Rxe5 Bd6 16. Rg5 g6 17. Nc4 Bf4 18. Bxf4 Nxf4 19. h3 O-O-O 20. Qd2 Kb8 21. Rg4
Rdf8 22. Re1 Nd5 23. Re5 Rf5 24. Rxf5 exf5 25. Rh4 Nb4 26. b3 Nxa2 27. Qf4 Qxf4
28. Rxf4 Nc3 29. Rh4 b5 30. Nce5 Kc7 31. Nxd7 Kxd7 32. Ne5+ Ke6 33. Nxg6 Rg8
34. Nf4+ Kf6 35. Rxh7 a5 36. Ra7 a4 37. Ra6+ Ke5 38. Nh5 axb3 39. cxb3 Ne2+ 40.
Kf1 Nc1 1/2-1/2

[Event "DEM U10/U10w 2000"]
[Site "Überlingen GER"]
[Date "2000.06.06"]
[Round "5"]
[White "Häcker, Katrin"]
[Black "Herkt, Laura"]
[Result "0-1"]
[Termination "normal"]
[Board "40"]
[WhiteElo "350"]
[BlackElo "924"]
[PlyCount "82"]
[WhiteFideId "24667986"]
[EventCountry "GER"]
[EventRounds "11"]
[EventType "swiss"]
[EventDate "2000.06.03"]

1. e4 c5 2. Nf3 Nc6 3. Nc3 d6 4. Bc4 Nf6 5. O-O g6 6. d3 Bg7 7. Bg5 O-O 8. h3
Qb6 9. Na4 Qa5 10. b3 a6 11. c3 Bd7 12. Bd5 e6 13. Bxc6 Bxc6 14. e5 dxe5 15.
Nxe5 Bxa4 16. bxa4 Qxc3 17. Bxf6 Bxf6 18. Nd7 Rfd8 19. Nxf6+ Qxf6 20. Qc1 b6
21. Rd1 Qd4 22. Qh6 Qxa4 23. Rd2 c4 24. Rad1 cxd3 25. Rxd3 Rxd3 26. Rxd3 Qxa2
27. Rd4 Qa1+ 28. Kh2 Qxd4 29. f3 Qg7 30. Qf4 a5 31. Qd6 b5 32. Qc6 Qe5+ 33. Kg1
Qd4+ 34. Kh2 Qe5+ 35. Kg1 Qb8 36. g3 Qxg3+ 37. Kh1 Qxh3+ 38. Kg1 Qg3+ 39. Kh1
Qb8 40. Kg2 Qe8 41. Qb7 a4 0-1

[Event "DEM U10/U10w 2000"]
[Site "Überlingen GER"]
[Date "2000.06.06"]
[Round "5"]
[White "Fröschle, Luzie"]
[Black "Cammann, Tim"]
[Result "1-0"]
[Termination "normal"]
[Board "41"]
[WhiteElo "876"]
[BlackElo "266"]
[PlyCount "87"]
[WhiteFideId "24631221"]
[EventCountry "GER"]
[EventRounds "11"]
[EventType "swiss"]
[EventDate "2000.06.03"]

1. e4 e6 2. d4 d5 3. e5 c5 4. c3 Be7 5. Be2 b6 6. Nf3 f6 7. Bf4 Nd7 8. Bb5 g5
9. Bg3 f5 10. h3 a6 11. Bc6 Ra7 12. Bxd7+ Bxd7 13. O-O g4 14. hxg4 fxg4 15.
Nfd2 Nh6 16. Kh2 Bh4 17. Rh1 Nf5 18. Qxg4 Bxg3+ 19. fxg3 Ne3 20. Qh5+ Ke7 21.
Qg5+ Kf7 22. Qxe3 cxd4 23. cxd4 h5 24. Nc3 Ke8 25. Raf1 h4 26. Kg1 Bc6 27. Qf3
Rah7 28. Qf4 Kd7 29. Qg4 Rg8 30. Qe2 Rxg3 31. Qxa6 h3 32. Rh2 Rhg7 33. Rf2 Qg8
34. Qa7+ Kc8 35. Rxh3 Rxg2+ 36. Rxg2 Rxg2+ 37. Kf1 Rg1+ 38. Kf2 Qg4 39. Rh8+
Qg8 40. Rxg8+ Rxg8 41. Qxb6 Rf8+ 42. Ke3 Bd7 43. Nb5 Bxb5 44. Qc5+ 1-0

[Event "DEM U10/U10w 2000"]
[Site "Überlingen GER"]
[Date "2000.06.06"]
[Round "5"]
[White "Winkelmann, Elena"]
[Black "Hoffmann, Lena"]
[Result "1/2-1/2"]
[Termination "normal"]
[Board "42"]
[WhiteElo "741"]
[BlackElo "233"]
[PlyCount "53"]
[WhiteFideId "24607630"]
[BlackFideId "24626597"]
[EventCountry "GER"]
[EventRounds "11"]
[EventType "swiss"]
[EventDate "2000.06.03"]

1. d4 d5 2. c4 e6 3. Nc3 Nf6 4. cxd5 exd5 5. Bg5 Nbd7 6. e3 Be7 7. Bd3 c6 8.
Qc2 Qa5 9. Nf3 O-O 10. O-O Re8 11. a3 h6 12. Bf4 b5 13. Ne5 Qb6 14. Ne2 c5 15.
dxc5 Bxc5 16. Nxd7 Bxd7 17. b4 Bd6 18. Bxd6 Qxd6 19. Ng3 a5 20. Qb3 axb4 21.
Qxb4 Qxb4 22. axb4 Rxa1 23. Rxa1 Ng4 24. h3 Ne5 25. Be2 Nc4 26. Rd1 Bc6 27. Nf5
1/2-1/2

[Event "DEM U10/U10w 2000"]
[Site "Überlingen GER"]
[Date "2000.06.06"]
[Round "5"]
[White "Jakobi, Sabina"]
[Black "Braun, Konstantin"]
[Result "1-0"]
[Termination "normal"]
[Board "44"]
[WhiteElo "713"]
[BlackElo "170"]
[PlyCount "59"]
[EventCountry "GER"]
[EventRounds "11"]
[EventType "swiss"]
[EventDate "2000.06.03"]

1. e4 e5 2. Nf3 Nc6 3. Bc4 Nf6 4. Ng5 d5 5. exd5 Nxd5 6. Bxd5 Qxd5 7. Nc3 Qd8
8. d3 Be7 9. Nf3 O-O 10. O-O Bg4 11. Be3 a6 12. h3 Bh5 13. d4 exd4 14. Bxd4
Nxd4 15. Qxd4 Bxf3 16. Qxd8 Raxd8 17. gxf3 Rd7 18. Rfe1 Bh4 19. Re4 Bf6 20. Rb1
Rd2 21. Rc4 Be5 22. Ne4 Rd4 23. Rc5 Bd6 24. Nxd6 cxd6 25. Rc7 Rb8 26. Re1 h6
27. Ree7 b5 28. Rxf7 g5 29. Rh7 Rf8 30. Rcg7# 1-0

[Event "DEM U10/U10w 2000"]
[Site "Überlingen GER"]
[Date "2000.06.06"]
[Round "5"]
[White "Marx, Heiner"]
[Black "Benzen, Marthe"]
[Result "1-0"]
[Termination "normal"]
[Board "45"]
[WhiteElo "202"]
[BlackElo "624"]
[PlyCount "83"]
[BlackFideId "24647764"]
[EventCountry "GER"]
[EventRounds "11"]
[EventType "swiss"]
[EventDate "2000.06.03"]

1. e4 e5 2. Nf3 Nc6 3. Bc4 Bc5 4. Nxe5 Nxe5 5. d4 Nxc4 6. dxc5 Nf6 7. Qd4 d5 8.
Bg5 c6 9. e5 Qe7 10. Bxf6 gxf6 11. O-O fxe5 12. Qc3 Rg8 13. g3 Bh3 14. Re1 b5
15. cxb6 axb6 16. b3 Na3 17. Rxe5 Be6 18. Qxc6+ Kf8 19. Qxa8+ Kg7 20. Qxa3 Qf6
21. f4 Qd8 22. Qb2 Kf8 23. Nd2 Qc8 24. Rg5 Rxg5 25. fxg5 Qc5+ 26. Kg2 Qb4 27.
Qh8+ Ke7 28. c3 Qa3 29. c4 Qb4 30. Rd1 Bg4 31. Qf6+ Kd7 32. Qxf7+ Kc8 33. Qe8+
Kb7 34. Qb5 Qa3 35. Qxd5+ Ka7 36. Re1 h5 37. gxh6 Qb4 38. h7 Qf8 39. h8=Q Qxh8
40. Re7+ Kb8 41. Qd6+ Kc8 42. Qc7# 1-0